| 000 | 00633nam a22001935i 4500 | ||
|---|---|---|---|
| 001 | 176058 | ||
| 003 | ES-MaACL | ||
| 005 | 20230906215957.0 | ||
| 008 | 101214s1994 sp af |||| | spa d | ||
| 020 | _a84-7423-673-8 | ||
| 080 | _a821.134.2-3"19" | ||
| 080 | _a37(460)"1939/1945" | ||
| 100 | 1 |
_aSopeña, Andrés. _9144302 |
|
| 245 | 1 | 3 |
_aEl florido pensil _b: memoria de la escuela nacionalcatólica / _cAndrés Sopeña Monsalve. |
| 260 |
_aBarcelona : _bCrítica, _cD. L. 1994. |
||
| 300 |
_a243, [16] p. de lám. col. : _bil. ; _c23 cm. |
||
| 650 | 4 |
_aEnseñanza- _zEspaña- _y1939-1975. _912283 |
|
| 852 |
_aES-MaACL _jE-13794 |
||
| 999 |
_c176058 _d176058 |
||